The Rigvedic people 'invaders' ? 'Immigrants' ?or Indigenous? : (Record no. 142764)

MARC details
000 -LEADER
fixed length control field 00644nam a22001937a 4500
005 - DATE AND TIME OF LATEST TRANSACTION
control field 20170721124009.0
010 ## - LCCN (DPL NO)
LC control number ENG-119272
020 ## - INTERNATIONAL STANDARD BOOK NUMBER
International Standard Book Number 9788173055355
Terms of availability 1800.00
035 ## - SYSTEM CONTROL NUMBER
System control number EN-102804
037 ## - SOURCE OF ACQUISITION
Source of stock number/acquisition DBAD/PUB
082 ## - DEWEY DECIMAL CLASSIFICATION NUMBER
Classification number 954.01
100 ## - MAIN ENTRY--PERSONAL NAME
Personal name Lal,B.B.
245 ## - TITLE STATEMENT
Title The Rigvedic people 'invaders' ? 'Immigrants' ?or Indigenous? :
Statement of responsibility, etc byB.B. Lal
Remainder of title evidence of archaeology and literature /
260 ## - PUBLICATION, DISTRIBUTION, ETC. (IMPRINT)
Place of publication, distribution, etc New Delhi
Name of publisher, distributor, etc Aryan Book Interrnational
Date of publication, distribution, etc 2015
270 ## - ADDRESS
Address Pooja Apartments 4BAnsari Road
City New Delhi
Postal code 110002
300 ## - PHYSICAL DESCRIPTION
Extent xiii,382p. :
Dimensions 25cm(pbk)
Other physical details ill
500 ## - GENERAL NOTE
General note Includes Index
942 ## - ADDED ENTRY ELEMENTS (KOHA)
Source of classification or shelving scheme Dewey Decimal Classification
Item type English Books
Classification part 954.01
Call number suffix LAL
Holdings
Withdrawn status Lost status Not for loan Collection code Home library Current library Date acquired Source of acquisition Cost, normal purchase price Full call number Barcode Copy number Cost, replacement price Koha item type
    Not For Loan Non-fiction D.B.Act.Division Central Library 21/07/2017 DBAD/PUB 1800.00 954.01 LAL EN-102804 1 1800.00 English Books

© Delhi Public Library
Hit Counter
free hit counter